Countries that Import the Least - Statistics

General Stats
  • This quiz has been taken 24 times
  • The average score is 17 of 30
Answer Stats
Hint Answer % Correct
134,154 Federated States of Micronesia
82%
101,686 Kiribati
77%
125,009 Nauru
77%
401,040 Samoa
77%
485,988 Solomon Islands
77%
109,876 Palau
73%
797,069 Cape Verde
68%
387,212 Comoros
68%
342,407 Saint Kitts and Nevis
68%
87,109 Tuvalu
68%
313,625 Vanuatu
68%
261,292 Saint Vincent and the Grenadines
64%
208,975 Tonga
64%
1,069,743 Antigua and Barbuda
59%
415,341 Burundi
59%
317,986 San Marino
59%
137,928 Sao Tome and Principe
59%
933,443 Seychelles
59%
812,182 Bhutan
55%
250,217 Grenada
55%
479,018 East Timor
50%
886,143 Belize
45%
378,026 Dominica
45%
1,018,999 Equatorial Guinea
45%
350,908 Guinea-Bissau
45%
1,026,937 Chad
36%
413,855 Eritrea
36%
1,064,734 Sierra Leone
36%
876,205 South Sudan
36%
246,461 Central African Republic
32%
No matching quizzes found
Score Distribution
Percent of People with Each Score
Percentile by Number Answered
Your Score History
You have not taken this quiz